000
00211nam a2200085Ia 4500
008
120527s9999 xx 000 0 und d
100
_a
FELDMAN, R.S
245
_a
Essentials of understanding psychology
942
_c
BK
999
_c
25544
_d
25544